Public law : (Record no. 4851)
[ view plain ]
| 000 -LEADER | |
|---|---|
| fixed length control field | 01737cam a2200205 i 4500 |
| 020 ## - INTERNATIONAL STANDARD BOOK NUMBER | |
| ISBN | 9780198735380 (pbk.) |
| 050 00 - CALL NUMBER | |
| Classification number | KD3930 |
| Item number | .L46 |
| 100 1# - AUTHOR | |
| Personal name | Le Sueur, A. P. |
| 245 10 - TITLE | |
| Title | Public law : |
| Remainder of title | text, cases, and materials / |
| Statement of responsibility, etc | Andrew Le Sueur, LLB (Lond), Barrister, of the Middle Temple, Professor of Constitutional Justice, School of Law, University of Essex; Maurice Sunkin, LLB (Lond), PhD (Essex), Barrister, of the Middle Temple, Professor of Public Law and Socio-Legal Studies, School of Law, University of Essex; Jo Eric Khushal Murkens, LLB (Lond) PhD (EUI), Barrister, of the Inner Temple, Associate Professor, Department of Law, London School of Economics and Political Science. |
| 250 ## - EDITION | |
| Edition statement | Third edition. |
| 260 ## - PUBLICATION INFORMATION | |
| Place of publication | Oxford : |
| Name of publisher | Oxford Univ. Press, |
| Year of publication | 2013. |
| 300 ## - DESCRIPTION | |
| Number of Pages | xxxviii, 896 pages : |
| Other physical details | illustrations (some color) ; |
| Dimensions | 25 cm |
| 500 ## - NOTES | |
| General note | Includes index. |
| 505 0# - FORMATTED CONTENTS NOTE | |
| Table of Content | The constitutional rulebook -- The legislative Supremacy of the UK Parliament -- The rule of law -- Separating and balancing powers -- Multilevel governing -- Protecting rights -- Government and accountability -- Exercise and control of executive power in the European Union -- Prerogative powers and case study on the deployment of Armed Forces abroad -- Primary legislation -- Delegated legislation -- European Union treaties and legislative processes -- Case study : what happens when the commons and lords disagree -- The judiciary -- Administrative justice L tribunals and ombudsmen -- Judicial review -- Using human rights in the United Kingdom Courts -- European Union Law in the United Kingdom Courts. |
| 650 #0 - SUBJECTS | |
| Topical Term | Public law |
| 650 #0 - SUBJECTS | |
| Topical Term | Public law |
| 700 1# - OTHER AUTHORS | |
| Personal name | Sunkin, Maurice., |
| 700 1# - OTHER AUTHORS | |
| Personal name | Murkens, Jo Eric., |
| 942 ## - ADDED ENTRY ELEMENTS (KOHA) | |
| Koha item type | Books |
| Withdrawn status | Lost status | Collection code | Home library | Current library | Shelving location | Date acquired | Source of acquisition | Full call number | Accession Number | Koha item type |
|---|---|---|---|---|---|---|---|---|---|---|
| Reference | Methodist University Law Library | Methodist University Law Library | General Stacks | Legon Book Shop | KD3930 .L46 | 5072 | Books |